书目信息 |
| 题名: |
环境政策概要
|
|
| 作者: | 斯奈尔 , 哈克 著 ;宋伟 译 | |
| 分册: | ||
| 出版信息: | 上海 上海交通大学出版社 2017 |
|
| 页数: | 199页 | |
| 开本: | 23cm | |
| 丛书名: | ||
| 单 册: | ||
| 中图分类: | X-01 | |
| 科图分类: | ||
| 主题词: | 环境政策--研究 | |
| 电子资源: | ||
| ISBN: | 978-7-313-16825-2 | |
| 000 | 01163nam0 2200253 450 | |
| 001 | 937 | |
| 005 | 20180926170143.31 | |
| 010 | @a978-7-313-16825-2@dCNY68.00 | |
| 100 | @a20170905d2017 em y0chiy50 ea | |
| 101 | 1 | @achi@ceng |
| 102 | @aCN@b310000 | |
| 105 | @ay z 001yy | |
| 200 | 1 | @a环境政策概要@9huan jing zheng ce gai yao@dThe short guide to environmental policy@f(英)卡罗琳·斯奈尔(Carolyn Snell),(英)加里·哈克(Gary Haq)著@g宋伟等译@zeng |
| 210 | @a上海@c上海交通大学出版社@d2017 | |
| 215 | @a199页@d23cm | |
| 330 | @a本书介绍了半个世纪以来人类社会存在的环境问题、主要环境政策,以及环境政策制定、实施和不断发展的过程,从社会学、经济学及社会政策学角度讨论人们对环境问题的理解及其对环境政策做出的不同反应,并进一步探讨政策制定过程中存在的主要障碍以及面临的主要挑战,特别是资源耗竭、气候变化与食物、水和能源等问题错综复杂的关系。 | |
| 510 | 1 | @aShort guide to environmental policy@zeng |
| 606 | 0 | @a环境政策@x研究 |
| 690 | @aX-01@v5 | |
| 701 | 0 | @c(英)@a斯奈尔@9si nai er@c(女,Snell, Carolyn)@4著 |
| 701 | 0 | @c(英)@a哈克@9ha ke@c(Haq, Gary)@4著 |
| 702 | 0 | @a宋伟@9song wei@4译 |
| 801 | 0 | @aCN@b91MARC@c20170905 |
| 905 | @aMuseLib@dX-01@e231 | |
| 环境政策概要=The short guide to environmental policy/(英)卡罗琳·斯奈尔(Carolyn Snell),(英)加里·哈克(Gary Haq)著/宋伟等译.-上海:上海交通大学出版社,2017 |
| 199页;23cm |
| ISBN 978-7-313-16825-2:CNY68.00 |
| 本书介绍了半个世纪以来人类社会存在的环境问题、主要环境政策,以及环境政策制定、实施和不断发展的过程,从社会学、经济学及社会政策学角度讨论人们对环境问题的理解及其对环境政策做出的不同反应,并进一步探讨政策制定过程中存在的主要障碍以及面临的主要挑战,特别是资源耗竭、气候变化与食物、水和能源等问题错综复杂的关系。 |
| ● |
| 相关链接 |
|
|
|
|
正题名:环境政策概要
索取号:X-01/231
 
预约/预借
| 序号 | 登录号 | 条形码 | 馆藏地/架位号 | 状态 | 备注 |
| 1 | 1120404 | 211204043 | 第二样本阅览室/ [索取号:X-01/231] | 在馆 | |
| 2 | 1120405 | 211204052 | 第三借阅区/ [索取号:X-01/231] | 在馆 | |
| 3 | 1120406 | 211204061 | 第三借阅区/ [索取号:X-01/231] | 在馆 | |
| 4 | 1120407 | 211204070 | 第三借阅区/ [索取号:X-01/231] | 在馆 | |
| 5 | 1120408 | 211204089 | 密集书库-资源管理系/ [索取号:X-01/231] | 在馆 |